Sustainable Refurbishment (Record no. 115182)

MARC details
000 -LEADER
fixed length control field 00678cam a22002055a 4500
001 - CONTROL NUMBER
control field L158168
008 - FIXED-LENGTH DATA ELEMENTS--GENERAL INFORMATION
fixed length control field 141001s2014 xxk f 000 0 eng d
020 ## - INTERNATIONAL STANDARD BOOK NUMBER
International Standard Book Number 9781405195089
035 ## - SYSTEM CONTROL NUMBER
System control number (Sirsi) u158168
041 0# - LANGUAGE CODE
Language code of text/sound track or separate title eng
050 04 - LIBRARY OF CONGRESS CALL NUMBER
Classification number 690.0286
100 1# - MAIN ENTRY--PERSONAL NAME
Personal name Shah, Sunil
245 00 - TITLE STATEMENT
Title Sustainable Refurbishment
260 ## - PUBLICATION, DISTRIBUTION, ETC.
Place of publication, distribution, etc. Wiley-Blackwell
Name of publisher, distributor, etc. Chichester
Date of publication, distribution, etc. 2012
520 ## - SUMMARY, ETC.
Summary, etc. Guide to green retrofitting for corporate real estate, facility managers and occupiers in the context of governments across the EU and other developed countries improving their existing housing stock.
590 ## - LOCAL NOTE (RLIN)
Local note KA
651 #4 - SUBJECT ADDED ENTRY--GEOGRAPHIC NAME
Geographic name International
690 ## - LOCAL SUBJECT ADDED ENTRY--TOPICAL TERM (OCLC, RLIN)
Topical term or geographic name as entry element Sustainability
9 (RLIN) 6271
942 ## - ADDED ENTRY ELEMENTS (KOHA)
Suppress in OPAC 0
Holdings
Withdrawn status Lost status Source of classification or shelving scheme Damaged status Not for loan Home library Current library Shelving location Date acquired Total Checkouts Full call number Barcode Date last seen Copy number Price effective from Koha item type
    Dewey Decimal Classification     London London Books 01/10/2014   690.0286 30075234 06/08/2019 1 06/08/2019 Book